000 00222nam a22000857a 4500
008 160706b xxu||||| |||| 00| 0 eng d
100 _92310
_a Birtles, G
245 _aTake up Rock Climbing
260 _aNew Delhi
_b Learners Press
999 _c1988
_d1988